| 000 | 00600cam a2200241 4500 | ||
|---|---|---|---|
| 001 | J1621 | ||
| 008 | 090401t1993 xxu||||| |||| 00| 0 eng d | ||
| 035 | _a(Sirsi) u44487 | ||
| 041 | _aeng | ||
| 050 | _a333.3370942132 | ||
| 110 |
_aStrutt & Parker _92509 |
||
| 245 | _aWest End office space survey. - April 1993 | ||
| 260 |
_aLondon _bStrutt & Parker _c1993 |
||
| 300 | _a3,(8)p. ; 30cm. | ||
| 350 | _a0 | ||
| 650 | _aFLOORSPACE | ||
| 650 | _aLONDON | ||
| 650 | _aOFFICES | ||
| 650 | _aWEST END OF LONDON | ||
| 690 | _aPROPERTY-COMMERCIAL PROPERTY | ||
| 942 | _n0 | ||
| 948 | _c04/03/1997 | ||
| 999 |
_c91545 _d91545 |
||